000 00238nam a2200097Ia 4500
005 20251222114343.0
008 251222s1900||||xx |||||||||||||| ||spa||
082 _aDVD0192/V19/2001
245 0 _aCharla: la objeción de conciencia:
942 _cDVD
999 _c925
_d925